000
00336nam a2200133 a 4500
005
20140414132058.0
008
110725s19uu xx 00 eng d
020
_a
1405417048
050
_a
REF 591.87
_b
W14 2004
100
_a
Walters Martin
245
_a
The world of animals.
260
_a
China :
_b
Parragon,
_c
2004.
999
_c
114377
_d
114377